Environmental Quality Act 1974 : then and now

Bibliographic Details
Main Author: SHAM Sani 1943-
Format: Book
Published: Bangi, Selangor : Institute for Environment and Development (LESTARI) , 1997
Subjects:

MARC

LEADER 00000cam a2200000 7i4500
001 0000002688
005 20031030.0
020 0 0 |a 9839444050 
090 0 0 |a R344.59506   |b SHA 1997 
100 0 0 |a SHAM Sani   |c 1943- 
245 1 0 |a Environmental Quality Act 1974 :   |b then and now   |c Sham Sani 
260 0 0 |a Bangi, Selangor :   |b Institute for Environment and Development (LESTARI) ,   |c 1997 
300 |a 113 p. :   |b ill. ;   |c 23 cm. 
500 0 0 |a Bibliography: p. 79-81 
650 0 0 |a Environmental law   |z Malaysia 
650 0 0 |a Environmental protection   |z Malaysia 
998 |a JPSM 
999 |a 0000004711   |b Monograph   |c Reference   |e Default branch